Cognición y aprendizaje: fundamentos psicológicos

Enregistré dans:
Détails bibliographiques
Auteur principal: Puente Ferreras, Aníbal (Auteur)
Format: Livre
Langue:espagnol
Publié: Madrid Pirámide 1998
Collection:Colección Psicología
Sujets:
Tags: Ajouter un tag
Pas de tags, Soyez le premier à ajouter un tag!

MARC

LEADER 00000nam a2200000 a 4500
001 UCP7230
003 CL-VaPUC
008 991203e19980000SP |||||||||||||||||spa|d
082 0 4 |a 153  |b PUE  |2 21 
100 0 |a Puente Ferreras, Aníbal  |e author  |9 436719 
245 1 0 |a Cognición y aprendizaje: fundamentos psicológicos 
300 |a 547 p 
942 |c BK 
945 |d 19991203 00:00:00  |a vberengu 
260 |a Madrid  |b Pirámide  |c 1998 
650 0 |a Aprendizaje   |9 254827 
650 0 |a Cognición   |9 270347 
650 0 |a Métodos de aprendizaje  |9 334464 
650 0 |a Procesos de aprendizaje  |9 309161 
650 0 |a Psicología   |9 257863 
650 0 |a Psicología cognitiva   |9 306250 
583 |a last modification  |c 19991203 00:00:00  |k Rodrigo Vera 
490 0 |a Colección Psicología 
999 |c 284539  |d 284537 
952 |0 0  |1 0  |4 0  |6 153_000000000000000_PUE_1998  |7 0  |8 A  |9 328626  |a BIBEDU  |b BIBEDU  |d 2019-11-20  |i 3585522  |l 1  |o 153 PUE 1998  |p 3585522  |r 2023-09-07  |s 2023-09-07  |w 2019-11-20  |y BK  |k PSI 
952 |0 0  |1 0  |4 0  |6 153_000000000000000_PUE_1998  |7 0  |8 A  |9 328627  |a FDOPOS  |b FDOPOS  |d 2019-11-20  |i 3653439  |o 153 PUE 1998  |p 3653439  |r 2025-01-22  |w 2019-11-20  |y BK  |k MLA